Hindusthan year book / (Record no. 3454)
[ view plain ]
| 000 -LEADER | |
|---|---|
| fixed length control field | 00256cam a2200121ua 4500 |
| 003 - CONTROL NUMBER IDENTIFIER | |
| control field | OSt |
| 008 - FIXED-LENGTH DATA ELEMENTS--GENERAL INFORMATION | |
| fixed length control field | 240325b |||||||| |||| 00| 0 eng d |
| 041 ## - LANGUAGE CODE | |
| Language code of text/sound track or separate title | eng |
| 082 ## - DEWEY DECIMAL CLASSIFICATION NUMBER | |
| Classification number | 028.75 |
| Item number | IND/HI |
| 245 ## - TITLE STATEMENT | |
| Title | Hindusthan year book / |
| 300 ## - PHYSICAL DESCRIPTION | |
| Number of Pages | 708 ; . |
| 942 ## - ADDED ENTRY ELEMENTS (KOHA) | |
| Koha item type | Books |
| Withdrawn status | Lost status | Damaged status | Home library | Current library | Date acquired | Full call number | Accession Number | Koha item type |
|---|---|---|---|---|---|---|---|---|
| KAUAET | 07/04/2012 | 028.75 | 428 | Books |
